Estudio de la resistencia del concreto con cemento portland tipo I de diferentes marcas elaborados en Nicaragua
Presenta la descripción de los estados del concreto, concreto fresco, el concreto durante el período de fraguado, el concreto durante el período de endurecimiento, resistencia a la compresión del concreto, control de calidad en la producción del concreto agregado, tamaño máximo del agregado g...
| Main Authors: | , |
|---|---|
| Other Authors: | |
| Format: | Tesis Section = Libro |
| Language: | Undetermined Spanish |
| Published: |
Managua
UNI
2003
|
| Subjects: |
| LEADER | 01289nam a2200241Ia 4500 | ||
|---|---|---|---|
| 008 | 240830s9999 xx 000 0 und d | ||
| 040 | |a BIBLIOTECA-RUPAP Mon 666.94 M385 | ||
| 041 | |a spa | ||
| 082 | |a Mon 666.94 M385 | ||
| 100 | 1 | |a Martínez Rivera, Mayra Irene | |
| 100 | 1 | |b López Medina, José Antonio | |
| 245 | 1 | 0 | |a Estudio de la resistencia del concreto con cemento portland tipo I de diferentes marcas elaborados en Nicaragua |
| 260 | |a Managua |b UNI |c 2003 | ||
| 300 | |a 95 p. :il. | ||
| 500 | |a Contiene: anexos y fotos. | ||
| 502 | |a Tesis (Ingeniero Civil)- UNI, 2003. | ||
| 520 | 3 | |a Presenta la descripción de los estados del concreto, concreto fresco, el concreto durante el período de fraguado, el concreto durante el período de endurecimiento, resistencia a la compresión del concreto, control de calidad en la producción del concreto agregado, tamaño máximo del agregado grueso, grancilometría del agregado fino, resultados de las pruebas de laboratorios realizados a las diferentes marcas de cemento, análisis de resultados de resistencia, interpretación de gráficas obtenidas. | |
| 650 | 7 | |a CEMENTO PORTLAND | |
| 650 | 7 | |b PORTLAND CONSTRUCCIÓN. | |
| 700 | 1 | |a Tutor: |b Collado Maldonado, Arturo | |
| 942 | |c BK |2 ddc | ||
| 991 | |a TESIS | ||
| 999 | |c 17763 | ||